| Поле | Название | Значение |
| |
Тип записи |
a |
| |
Библиографический уровень |
m |
| 001 |
Контрольный номер |
RU/СЮИ МВД России/KNIGI/65.291.6-21/В19-769021 |
| 005 |
Дата корректировки |
20140508173806.9 |
| 010 |
Индекс ISBN |
__ |
| a |
ISBN |
978-5-394-00329-5 |
| d |
Цена |
р.60.00 |
| 100 |
Данные общей обработки |
__ |
| a |
Данные общей обработки |
20111011d2009 |||y0rusy0189 |
| 101 |
Язык документа |
0_ |
| a |
Язык текста |
rus |
| 102 |
Страна публикации |
__ |
| a |
Страна публикации |
RU |
| 105 |
Кодированные данные (монография) |
__ |
| a |
Кодированные данные (монография) |
y ||||000zy |
| 200 |
Заглавие и сведения об ответственности |
1_ |
| a |
Заглавие |
Корпоративная культура как инструмент эффективного управления персоналом |
| f |
Первые сведения об ответственности |
С. В. Василенко |
| 210 |
Выходные данные |
__ |
| a |
Место издания |
М. |
| c |
Издательство |
Дашков и К° |
| d |
Дата издания |
2009 |
| 215 |
Физическое описание |
__ |
| a |
Объем |
136 с. |
| 320 |
Библиография |
__ |
| a |
Библиография |
Библиогр.: с. 134 |
| 330 |
Аннотация |
__ |
| a |
Аннотация |
Ценности компании, нормы поведения и внешний вид сотрудников, традиции, праздники, предания - все это составляющие корпоративной культуры. Пособие поможет читателю разобраться в том, как грамотно использовать составляющие корпоративной культуры, чтобы влиять на эффективность работы персонала, вызывая в нем положительные эмоции, преданность фирме, устанавливая в то же время определенные официальные и неофициальные правила |
| 606 |
Тематические рубрики |
__ |
| a |
Основная рубрика |
Управление персоналом |
| 620 |
Место и дата публикации, исполнения и т.д. |
__ |
| d |
Город |
Москва |
| 686 |
Индексы других классификаций |
__ |
| a |
Классификационный индекс |
65.291.6-21 |
| 2 |
Код системы |
rubbk |
| 686 |
Индексы других классификаций |
__ |
| a |
Классификационный индекс |
06.81 |
| 2 |
Код системы |
rugasnti |
| 700 |
Автор |
_1 |
| a |
Фамилия |
Василенко |
| b |
Имя |
С. В. |
| 4 |
Код отношения |
070 |
| 801 |
Источник записи |
_0 |
| b |
Организация |
СЮИ МВД России |
| a |
Страна |
RU |
| c |
Дата составления |
20111011 |
| 801 |
Источник записи |
_1 |
| a |
Страна |
RU |
| b |
Организация |
ПКИ |
| c |
Дата составления |
20111011 |
| 852 |
Данные о местонахождении |
__ |
| a |
Наименование организации |
СЮИ МВД России |
| b |
Сигла хранения |
УчФ_Поволжский филиал |
| i |
Авторский знак |
В19 |
| p |
Инвентарный номер |
д142 |
| j |
Шифр хранения |
65.291.6-21 |
| j |
Шифр хранения |
65.291.6-21 |
| j |
Шифр хранения |
65.291.6-21 |
| 852 |
Данные о местонахождении |
__ |
| a |
Наименование организации |
СЮИ МВД России |
| b |
Сигла хранения |
ЧЗ_Поволжский филиал |
| i |
Авторский знак |
В19 |
| p |
Инвентарный номер |
д178 |
| 852 |
Данные о местонахождении |
__ |
| a |
Наименование организации |
СЮИ МВД России |
| b |
Сигла хранения |
УчФ_Поволжский филиал |
| i |
Авторский знак |
В19 |
| p |
Инвентарный номер |
д143 |
| 901 |
Тип документа |
__ |
| t |
Тип документа |
m |
| 938 |
Служебная информация |
__ |
| a |
Название организации |
Поволжский филиал |
| b |
Имя БД |
Книги_Ирбис |
| c |
Название АИБС |
АБИС ИРБИС |